[Event "VII Festival A"]
[Site "Trieste ITA"]
[Date "2005.09.07"]
[Round "6"]
[White "Samuelli, Daniele"]
[Black "Costariol, Elena"]
[Result "1-0"]
[WhiteElo "1986"]
[BlackElo "1605"]
[PlyCount "69"]
[EventDate "2005.09.03"]

1.e4 c5 2.Nf3 d6 3.d4 cxd4 4.Nxd4 Nf6 5.Nc3 a6 6.Bg5 e6 7.Qd2 Qc7 8.a4 Be7
9.f3 Nc6 10.Nb3 O-O 11.Be2 Rd8 12.Rd1 Qb6 13.Be3 Qc7 14.O-O Ne5 15.a5 Nc4 
16.Bxc4 Qxc4 17.e5 Ne8 18.Bb6 Rd7 19.exd6 Bxd6 20.Qf2 Bc7 21.Rfe1 Qb4 22.
Nd5 Bxb6 23.Nxb6 Rxd1 24.Rxd1 Rb8 25.Rd8 Kf8 26.Qg3 g6 27.h3 Ke7 28.Rxe8+ 
Kxe8 29.Qxb8 Ke7 30.Nxc8+ Kf6 31.Qc7 Qe1+ 32.Kh2 Qe2 33.Qc3+ Kg5 34.Qd2+ 
Qxd2 35.Nxd2 1-0

[Event "VII Festival A"]
[Site "Trieste ITA"]
[Date "2005.09.08"]
[Round "7"]
[White "Batic, Aleksander"]
[Black "Cedriano, Filippo"]
[Result "1/2-1/2"]
[WhiteElo "1855"]
[BlackElo "2005"]
[PlyCount "93"]
[EventDate "2005.09.03"]

1.d4 g6 2.c4 Bg7 3.Nc3 d6 4.Nf3 Bg4 5.e3 Nf6 6.h3 Bxf3 7.Qxf3 c6 8.Bd3 
Nbd7 9.O-O O-O 10.Bd2 a5 11.Rab1 Qc7 12.Rfc1 e5 13.Na4 Rfe8 14.Bc2 exd4 
15.exd4 Nb6 16.Nxb6 Qxb6 17.Be3 d5 18.c5 Qd8 19.Bg5 h6 20.Be3 Ne4 21.a4 b6
22.Qd1 bxc5 23.Bxe4 cxd4 24.Bxd4 Bxd4 25.Bf3 Qb6 26.Qd2 Kg7 27.b4 axb4 28.
Rxb4 Bxf2+ 29.Kf1 Qe3 30.Qxe3 Bxe3 31.Rxc6 Rad8 32.Rb7 Bf4 33.a5 Bg3 34.
Rb1 Rb8 35.Rcb6 d4 36.Rxb8 Rxb8 37.Rxb8 Bxb8 38.Ke2 Kf6 39.Be4 Ke5 40.Kf3 
f5 41.Bd3 h5 42.h4 Kd5 43.a6 Kc5 44.Kf2 Kb4 45.Ke2 Ba7 46.Kd2 Kc5 47.Ke2 
1/2-1/2

[Event "VII Festival A"]
[Site "Trieste ITA"]
[Date "2005.09.08"]
[Round "7"]
[White "Bosiocic, Marin"]
[Black "Lazarev, Vladimir"]
[Result "0-1"]
[WhiteElo "2381"]
[BlackElo "2518"]
[PlyCount "132"]
[EventDate "2005.09.03"]

1.d4 Nf6 2.Nf3 e6 3.c4 c5 4.d5 exd5 5.cxd5 Bd6 6.Nc3 Bc7 7.g3 d6 8.Bg2 a6 
9.a4 O-O 10.O-O Nbd7 11.Rb1 Rb8 12.Qc2 Re8 13.Bf4 Nf8 14.b4 cxb4 15.Rxb4 
Ba5 16.Rb3 Bxc3 17.Rxc3 Nxd5 18.Bg5 Qd7 19.Rc4 b5 20.axb5 axb5 21.Rd4 Bb7 
22.Rfd1 Rbc8 23.Qb2 Nc3 24.Re1 Ne6 25.Rd3 Nxg5 26.Rxc3 Nxf3+ 27.Bxf3 Rxc3 
28.Qxc3 Bxf3 29.Qxf3 b4 30.Qb3 Qb5 31.e3 Qc5 32.Rd1 Rb8 33.h4 h6 34.Rd4 
Qc1+ 35.Kh2 Qc5 36.Kg1 g6 37.Rc4 Qb6 38.h5 g5 39.Rd4 Qc5 40.Rc4 Qa5 41.Rd4
Qa1+ 42.Kg2 Qa8+ 43.Kg1 Qa1+ 44.Kg2 Qa8+ 45.Kg1 Qa3 46.Qxa3 bxa3 47.Ra4 
Rb1+ 48.Kg2 Ra1 49.Ra6 a2 50.g4 d5 51.Kf3 Kf8 52.Ra7 Ke8 53.Kg2 Kd8 54.Kf3
Kc8 55.Kg2 Kb8 56.Ra3 Kb7 57.Kf3 Kc6 58.Ra6+ Kc5 59.Ra5+ Kd6 60.Ra6+ Ke7 
61.Ra5 Kd6 62.Ra6+ Kc5 63.Ra5+ Kb4 64.Ra8 Kc3 65.Ra3+ Kb2 66.Ra5 Re1 0-1

[Event "VII Festival A"]
[Site "Trieste ITA"]
[Date "2005.09.08"]
[Round "7"]
[White "Brunello, Marina"]
[Black "Milinkovic, Zdravko"]
[Result "1/2-1/2"]
[WhiteElo "1667"]
[BlackElo "1980"]
[PlyCount "113"]
[EventDate "2005.09.03"]

1.e4 c5 2.Nf3 Nc6 3.d4 cxd4 4.Nxd4 e5 5.Nf5 d6 6.Ne3 Nf6 7.Nc3 Be6 8.Ned5 
Be7 9.Bc4 O-O 10.O-O Rc8 11.Bb3 Nd4 12.Be3 Nxb3 13.axb3 a6 14.Nb6 Rc6 15.
Nbd5 Ng4 16.Bd2 f5 17.Nxe7+ Qxe7 18.f3 Nf6 19.Bg5 f4 20.Nd5 Bxd5 21.Bxf6 
Rxf6 22.Qxd5+ Qe6 23.Qxe6+ Rxe6 24.c4 g5 25.Rfd1 h5 26.Rd3 g4 27.Kf2 Kg7 
28.Rg1 Rg6 29.Rd5 b5 30.Rc1 bxc4 31.Rxc4 Rb6 32.Rd3 Kf6 33.Rc8 Kg5 34.Rdc3
a5 35.R8c6 Rb5 36.Rd3 a4 37.Rcxd6 Rxd6 38.Rxd6 Rxb3 39.Rd2 gxf3 40.gxf3 h4
41.Kg2 h3+ 42.Kf2 Kf6 43.Rd6+ Ke7 44.Rd2 Rb6 45.Ke1 Rd6 46.Ke2 Kd7 47.
Rxd6+ Kxd6 48.Kd3 Kc5 49.Kc3 Kb5 50.b4 a3 51.Kb3 a2 52.Kxa2 Kxb4 53.Kb2 
Kc4 54.Kc2 Kb4 55.Kb2 Kc4 56.Kc2 Kb4 57.Kb2 1/2-1/2

[Event "VII Festival A"]
[Site "Trieste ITA"]
[Date "2005.09.08"]
[Round "7"]
[White "Brunello, Roberta"]
[Black "Devetak, Robert"]
[Result "1-0"]
[WhiteElo "1837"]
[BlackElo "1539"]
[PlyCount "53"]
[EventDate "2005.09.03"]

1.e4 c5 2.Nf3 d6 3.d4 cxd4 4.Nxd4 Nf6 5.Nc3 a6 6.Be3 e6 7.f3 Be7 8.Qd2 Nc6
9.g4 Qc7 10.O-O-O Rb8 11.g5 Nd7 12.f4 b5 13.f5 Nde5 14.fxe6 fxe6 15.Bh3 
Nc4 16.Qe2 Nxe3 17.Qxe3 Nxd4 18.Qxd4 Bxg5+ 19.Kb1 Bf4 20.Rd3 Be5 21.Qf2 
Qf7 22.Rf3 Qe7 23.Bg4 Bf6 24.Bh5+ Kd8 25.Rd1 Rf8 26.e5 d5 27.Ne4 1-0

[Event "VII Festival A"]
[Site "Trieste ITA"]
[Date "2005.09.08"]
[Round "7"]
[White "Brunello, Sabino"]
[Black "Drazic, Sinisa"]
[Result "1/2-1/2"]
[WhiteElo "2373"]
[BlackElo "2497"]
[PlyCount "120"]
[EventDate "2005.09.03"]

1.e4 c5 2.Nf3 e6 3.d4 cxd4 4.Nxd4 a6 5.Nc3 Qc7 6.Bd3 Nc6 7.Be3 Nf6 8.Qe2 
b5 9.Nb3 Ne5 10.f4 Nc4 11.Bxc4 bxc4 12.Nd2 Bb4 13.e5 Bxc3 14.bxc3 Nd5 15.
Qxc4 Qxc4 16.Nxc4 Nxe3 17.Nxe3 Bb7 18.Ke2 Ke7 19.Rab1 Bc6 20.h4 f6 21.
exf6+ gxf6 22.f5 Rhb8 23.Rb3 Rb5 24.fxe6 dxe6 25.Rd1 f5 26.Rd4 h5 27.g3 a5
28.Kf2 a4 29.Rbb4 Rc5 30.Rdc4 Rxc4 31.Nxc4 Rd8 32.Ne5 Be8 33.Nd3 Kf6 34.c4
Rd4 35.c5 Rxb4 36.Nxb4 a3 37.Ke3 e5 38.c4 Ba4 39.Nd5+ Ke6 40.Nc3 Be8 41.
Nb1 Kd7 42.Nxa3 Kc6 43.Nb1 Kxc5 44.Nd2 Bc6 45.a3 Kb6 46.Nb3 Ba4 47.Nc1 Kc5
48.Nd3+ Kd6 49.Nb2 Bc6 50.a4 Bb7 51.Nd3 Ba6 52.c5+ Ke6 53.a5 Bxd3 54.Kxd3 
Kd5 55.a6 Kc6 56.Ke3 Kc7 57.Kd3 Kc6 58.Kc4 e4 59.Kd4 Kc7 60.Ke3 Kc6 
1/2-1/2

[Event "VII Festival A"]
[Site "Trieste ITA"]
[Date "2005.09.08"]
[Round "7"]
[White "Costariol, Mario"]
[Black "Costariol, Elena"]
[Result "0-1"]
[WhiteElo "1503"]
[BlackElo "1605"]
[PlyCount "52"]
[EventDate "2005.09.03"]

1.e4 e6 2.d4 d5 3.Nc3 Bb4 4.e5 c5 5.Qg4 Ne7 6.Qxg7 Rg8 7.Qxh7 cxd4 8.a3 
Qa5 9.axb4 Qxa1 10.Nce2 Nbc6 11.f4 Nxb4 12.Nf3 Na2 13.Kd2 Nxc1 14.Nxc1 
Qxb2 15.Ng5 Rf8 16.Be2 Qc3+ 17.Kd1 Nf5 18.Nb3 Ne3+ 19.Kc1 Nxg2 20.Nxf7 
Qe3+ 21.Kd1 Rxf7 22.Qg8+ Ke7 23.Bh5 Qxf4 24.Bxf7 Ne3+ 25.Kc1 Nc4+ 26.Kb1 
Qxf7 0-1

[Event "VII Festival A"]
[Site "Trieste ITA"]
[Date "2005.09.08"]
[Round "7"]
[White "Cozzarin, Davide"]
[Black "Grudina, Marco"]
[Result "1-0"]
[WhiteElo "1646"]
[BlackElo "1853"]
[PlyCount "107"]
[EventDate "2005.09.03"]

1.c4 c6 2.Nf3 d5 3.e3 Nf6 4.b3 Bg4 5.Bb2 e6 6.h3 Bxf3 7.Qxf3 Bd6 8.Be2 
Nbd7 9.g3 O-O 10.O-O Re8 11.Nc3 Qe7 12.d3 Ba3 13.Bxa3 Qxa3 14.g4 Qb4 15.
Rac1 Ne5 16.Qg3 Ng6 17.f4 Qd6 18.g5 Nd7 19.h4 Ne7 20.e4 dxe4 21.dxe4 Qc5+ 
22.Kh2 Rad8 23.Na4 Qd4 24.Rfd1 Qxe4 25.Bd3 Nf5 26.Bxe4 Nxg3 27.Kxg3 Nb8 
28.c5 Na6 29.a3 Nc7 30.Nc3 Kf8 31.h5 Kg8 32.b4 Nd5 33.Bxd5 exd5 34.Kf3 Re7
35.Re1 Rde8 36.Rxe7 Rxe7 37.Rd1 g6 38.h6 Kf8 39.Kf2 Re6 40.Re1 Ke7 41.
Rxe6+ Kxe6 42.Ke3 f6 43.Ne2 fxg5 44.Nd4+ Kd7 45.fxg5 b6 46.Kf4 bxc5 47.
bxc5 a6 48.Ke5 Kc7 49.Kf6 Kd7 50.Kg7 Ke7 51.Kxh7 Kf7 52.Nxc6 a5 53.Nd4 a4 
54.c6 1-0

[Event "VII Festival A"]
[Site "Trieste ITA"]
[Date "2005.09.08"]
[Round "7"]
[White "De Val, Daniele"]
[Black "Arcion, Riccardo"]
[Result "1-0"]
[WhiteElo "2155"]
[BlackElo "1958"]
[PlyCount "90"]
[EventDate "2005.09.03"]

1.d4 Nf6 2.c4 g6 3.Nc3 Bg7 4.e4 d6 5.Nf3 O-O 6.Be2 e5 7.O-O Nc6 8.dxe5 
dxe5 9.Bg5 Qxd1 10.Rfxd1 Be6 11.Nd5 Nxe4 12.Nxc7 Rac8 13.Nxe6 fxe6 14.Be3 
Rcd8 15.Ng5 Nxg5 16.Bxg5 Rxd1+ 17.Rxd1 Nd4 18.Bd3 Rc8 19.b3 Kf7 20.f3 a6 
21.Kf2 b5 22.cxb5 axb5 23.Rc1 Rxc1 24.Bxc1 b4 25.Bb2 Bf8 26.Ke3 Bc5 27.Ke4
Kf6 28.f4 Nc6 29.Bb5 Ne7 30.Bxe5+ Kf7 31.Bc4 h5 32.g3 Nf5 33.Kf3 Nd4+ 34.
Kg2 Nf5 35.h3 Ne3+ 36.Kf3 Nd1 37.g4 hxg4+ 38.hxg4 Nc3 39.a4 Nd1 40.f5 gxf5
41.gxf5 Ne3 42.Bxe6+ Ke7 43.Ke4 Ng4 44.Bd4 Nf6+ 45.Kd3 Kd6 1-0

[Event "VII Festival A"]
[Site "Trieste ITA"]
[Date "2005.09.08"]
[Round "7"]
[White "Efimov, Igor"]
[Black "Borgo, Giulio"]
[Result "1-0"]
[WhiteElo "2401"]
[BlackElo "2380"]
[PlyCount "62"]
[EventDate "2005.09.03"]

1.e4 c5 2.Nf3 e6 3.d4 cxd4 4.Nxd4 a6 5.c4 Nf6 6.Nc3 Qc7 7.a3 b6 8.Be3 Bb7 
9.f3 d6 10.Be2 Nbd7 11.O-O Be7 12.Qd2 O-O 13.Rfc1 Rac8 14.b4 Qb8 15.Kh1 
Bd8 16.Rab1 Kh8 17.Na4 Ne5 18.Bg1 h6 19.Rc2 Re8 20.b5 a5 21.Nc6 Nxc6 22.
bxc6 Bxc6 23.Nxb6 Rc7 24.Qxd6 Nxe4 25.fxe4 Bxe4 26.Bd3 Be7 27.Qd4 Bc6 28.
c5 Rd8 29.Qe3 Rcd7 30.Nxd7 Qxb1 31.Ne5 Bg5 1-0

[Event "VII Festival A"]
[Site "Trieste ITA"]
[Date "2005.09.08"]
[Round "7"]
[White "Grobovsek, Ivan"]
[Black "Plani, Andrea"]
[Result "0-1"]
[WhiteElo "2000"]
[BlackElo "1775"]
[PlyCount "76"]
[EventDate "2005.09.03"]

1.Nf3 Nc6 2.e4 e5 3.Nc3 f5 4.d3 Bb4 5.Bd2 Nf6 6.a3 fxe4 7.dxe4 Bxc3 8.Bxc3
d6 9.Bc4 Bg4 10.h3 Bh5 11.Qd3 Qe7 12.g4 Bf7 13.Bxf7+ Qxf7 14.Ng5 Qe7 15.
O-O-O Nxg4 16.hxg4 Qxg5+ 17.Kb1 Qxg4 18.Rdg1 Qd7 19.Rg5 O-O-O 20.Rhg1 Rhg8
21.b4 Rdf8 22.Qe3 Kb8 23.Rd1 Qf7 24.Rf5 Qe6 25.Rg5 Rf4 26.Qg3 Qf7 27.Rd3 
Rxf2 28.Kb2 a6 29.Qh4 h6 30.Rg1 Qf4 31.Qh1 Nd8 32.Rgd1 Qh2 33.Qe1 Rxc2+ 
34.Kb3 Re2 35.Qf1 Qf2 36.Qh3 Qf7+ 37.Ka4 b5+ 38.Ka5 Ka7 0-1

[Event "VII Festival A"]
[Site "Trieste ITA"]
[Date "2005.09.08"]
[Round "7"]
[White "Lalic, Bogdan"]
[Black "Jovanic, Ognjen"]
[Result "1/2-1/2"]
[WhiteElo "2491"]
[BlackElo "2447"]
[PlyCount "37"]
[EventDate "2005.09.03"]

1.d4 d5 2.c4 c6 3.Nf3 Nf6 4.Nc3 dxc4 5.a4 Bf5 6.Ne5 Nbd7 7.Nxc4 Nb6 8.Ne5 
a5 9.g3 e6 10.Bg2 Bb4 11.O-O h6 12.e3 O-O 13.Qe2 Bh7 14.Rd1 Nfd7 15.Nxd7 
Nxd7 16.e4 Qe7 17.Be3 Nf6 18.f3 Nd7 19.Na2 1/2-1/2

[Event "VII Festival A"]
[Site "Trieste ITA"]
[Date "2005.09.08"]
[Round "7"]
[White "Padjen, Zdenko"]
[Black "Bevilacqua, Andrea"]
[Result "0-1"]
[WhiteElo "2068"]
[BlackElo "1978"]
[PlyCount "81"]
[EventDate "2005.09.03"]

1.e4 e5 2.Nf3 Nc6 3.Bb5 a6 4.Ba4 Nf6 5.O-O b5 6.Bb3 Be7 7.a4 Bb7 8.d4 d6 
9.c3 O-O 10.Re1 Na5 11.Bc2 c5 12.dxe5 dxe5 13.Qe2 Qc7 14.axb5 axb5 15.Na3 
Ba6 16.Nxb5 Qb6 17.Ba4 Rfb8 18.Bd2 Bxb5 19.Bxb5 Qxb5 20.Qxb5 Rxb5 21.c4 
Rxb2 22.Bxa5 h6 23.h3 Nd7 24.Bc3 Rxa1 25.Rxa1 Rc2 26.Ra8+ Kh7 27.Be1 Bf6 
28.Ra7 Nb6 29.Rxf7 Nxc4 30.Rd7 Nb2 31.Rd2 Rxd2 32.Bxd2 Nc4 33.Bc3 Kg6 34.
Kf1 Kf7 35.Ke2 Ke6 36.Kd3 Nd6 37.Bb2 c4+ 38.Ke3 Nb5 39.g3 Kd6 40.Ne1 Kc5 
41.f4 0-1

[Event "VII Festival A"]
[Site "Trieste ITA"]
[Date "2005.09.08"]
[Round "7"]
[White "Ramesa, Davor"]
[Black "Punteri, Marco"]
[Result "1-0"]
[WhiteElo "2172"]
[BlackElo "1985"]
[PlyCount "81"]
[EventDate "2005.09.03"]

1.c4 Nf6 2.Nc3 e6 3.e4 d5 4.e5 d4 5.exf6 dxc3 6.bxc3 Qxf6 7.Nf3 e5 8.d4 
exd4 9.cxd4 Bb4+ 10.Bd2 Bxd2+ 11.Qxd2 O-O 12.Be2 c5 13.O-O cxd4 14.Qxd4 
Qxd4 15.Nxd4 Na6 16.Rab1 Nc5 17.Bf3 Rd8 18.Bd5 Bg4 19.h3 Bh5 20.f4 h6 21.
f5 Ne4 22.g4 Nd2 23.gxh5 Nxf1 24.Rxf1 Rab8 25.f6 Rd7 26.Nf5 b5 27.c5 gxf6 
28.c6 Rc7 29.Nxh6+ Kg7 30.Nf5+ Kh7 31.Kf2 Re8 32.Re1 Re5 33.Rxe5 fxe5 34.
Ke3 f6 35.Nd6 a6 36.Ne8 Rc8 37.Nxf6+ Kh6 38.Ke4 Kg5 39.Kxe5 a5 40.Ne4+ 
Kxh5 41.Nd6 1-0

[Event "VII Festival A"]
[Site "Trieste ITA"]
[Date "2005.09.08"]
[Round "7"]
[White "Stantic, Severino"]
[Black "Gyorkos, Lajos"]
[Result "0-1"]
[WhiteElo "2064"]
[BlackElo "2424"]
[PlyCount "74"]
[EventDate "2005.09.03"]

1.d4 Nf6 2.Nf3 g6 3.c4 Bg7 4.Nc3 d5 5.Bf4 O-O 6.e3 c5 7.Be5 cxd4 8.Nxd4 
Nbd7 9.Bg3 dxc4 10.Bxc4 Nh5 11.O-O Nxg3 12.hxg3 Nb6 13.Bb3 a6 14.Qf3 e5 
15.Nde2 Qe7 16.e4 Be6 17.Nd1 Rad8 18.Qc3 Rc8 19.Qe1 Bxb3 20.axb3 Qe6 21.
Qb4 Rfd8 22.Nec3 Bf8 23.Qa5 Qxb3 24.Qxe5 Bg7 25.Qf4 Qe6 26.Qc1 Be5 27.Qg5 
Kg7 28.Re1 h6 29.Qe3 Nc4 30.Qf3 Nd2 31.Qe2 Nb3 32.Rb1 Rd2 33.Qf1 Bd4 34.
Nd5 Rcc2 35.N5e3 Bxe3 36.Rxe3 Nd4 37.Qe1 Ne2+ 0-1

[Event "VII Festival A"]
[Site "Trieste ITA"]
[Date "2005.09.08"]
[Round "7"]
[White "Trtanj, Tina"]
[Black "Videki, Sandor"]
[Result "0-1"]
[WhiteElo "2137"]
[BlackElo "2394"]
[PlyCount "60"]
[EventDate "2005.09.03"]

1.d4 d6 2.Nf3 g6 3.c4 Bg7 4.Nc3 Nf6 5.e4 O-O 6.Be2 e5 7.Be3 exd4 8.Nxd4 
Re8 9.f3 Nc6 10.O-O Nh5 11.f4 Nf6 12.Bf3 Bg4 13.Nxc6 Bxf3 14.Qxf3 bxc6 15.
e5 dxe5 16.fxe5 Rxe5 17.Rad1 Qe8 18.Bf4 Re7 19.Bg5 Re6 20.Bxf6 Bxf6 21.Ne4
Be7 22.Kh1 f5 23.Nf2 Bd6 24.Nh3 Re3 25.Qf2 Qe5 26.Nf4 g5 27.c5 Bxc5 28.Nh5
Rh3 29.Nf6+ Kh8 30.Ng4 fxg4 0-1

[Event "VII Festival A"]
[Site "Trieste ITA"]
[Date "2005.09.08"]
[Round "7"]
[White "Varini, Massimo"]
[Black "Loncar, Robert"]
[Result "0-1"]
[WhiteElo "2080"]
[BlackElo "2390"]
[PlyCount "94"]
[EventDate "2005.09.03"]

1.d4 d5 2.Nf3 c6 3.Nbd2 Bf5 4.g3 e6 5.Bg2 h6 6.O-O Nf6 7.Ne5 Nbd7 8.Ndf3 
Bd6 9.Bf4 Qe7 10.Re1 O-O 11.Nd2 Rfd8 12.c4 Bb4 13.cxd5 exd5 14.Nxd7 Rxd7 
15.Rc1 Re8 16.a3 Bd6 17.Bxd6 Qxd6 18.b4 Rde7 19.e3 a6 20.Qb3 Qd7 21.Rc3 
Bh3 22.Rec1 Qf5 23.Qc2 Qh5 24.a4 Bxg2 25.Kxg2 Re6 26.Qd1 Qg6 27.Qc2 Qg5 
28.b5 cxb5 29.axb5 a5 30.Rc8 Qh5 31.Rxe8+ Rxe8 32.h3 Qe2 33.Nb3 Qxb5 34.
Nc5 b6 35.Rb1 Qc6 36.Qa4 Rc8 37.Qxc6 Rxc6 38.Na4 Ne4 39.Nxb6 Rc2 40.Nxd5 
Rxf2+ 41.Kg1 Rc2 42.Rb8+ Kh7 43.g4 a4 44.Ra8 Ra2 45.Ra7 a3 46.Rxf7 Rb2 47.
Ra7 a2 0-1

[Event "VII Festival A"]
[Site "Trieste ITA"]
[Date "2005.09.08"]
[Round "7"]
[White "Zufic, Miroslav"]
[Black "Nedimovic, Ljubisa"]
[Result "1/2-1/2"]
[WhiteElo "2391"]
[BlackElo "2217"]
[PlyCount "136"]
[EventDate "2005.09.03"]

1.e4 e6 2.d4 d5 3.Nc3 Bb4 4.e5 c5 5.dxc5 Ne7 6.Nf3 Nd7 7.Bd3 Nxc5 8.O-O 
Bd7 9.Ne2 Nxd3 10.Qxd3 Nf5 11.Ned4 Nxd4 12.Qxd4 Be7 13.Qg4 Kf8 14.Be3 h5 
15.Qf4 g6 16.h4 Rc8 17.c3 Kg7 18.Bd4 Bb5 19.Rfe1 b6 20.Re3 a5 21.g3 a4 22.
a3 Bc4 23.Kg2 Kf8 24.Rh1 Ke8 25.Ng5 Bxg5 26.hxg5 Rf8 27.g4 hxg4 28.Rh7 Rb8
29.Qxg4 Rb7 30.Qf4 Qe7 31.Qf6 Kd7 32.Qxe7+ Kxe7 33.f4 Rg8 34.Kf2 Kd8 35.
Reh3 Kc8 36.Ke3 Kb8 37.Rh8 Rxh8 38.Rxh8+ Kc7 39.Kd2 Kc6 40.Rh7 Ba2 41.Kc2 
Bb3+ 42.Kc1 Bc4 43.Kd2 Ba2 44.Rh1 Bc4 45.Ke3 Bb3 46.Kd2 Bc4 47.Ke3 Bb3 48.
Kd2 Bc4 49.Rh6 Re7 50.Rh8 Rb7 51.Ke3 Bb3 52.Rc8+ Kd7 53.Rf8 Kc6 54.f5 Bc2 
55.f6 Bb1 56.Re8 Rd7 57.Kd2 Ba2 58.Rf8 Bc4 59.Ra8 Bb3 60.Rb8 Rb7 61.Rd8 
Rd7 62.Re8 Bc4 63.Ke3 Bb3 64.Rb8 Rb7 65.Rf8 Rd7 66.Kd2 Bc4 67.Rc8+ Rc7 68.
Rd8 Rd7 1/2-1/2

[Event "VII Festival A"]
[Site "Trieste ITA"]
[Date "2005.09.09"]
[Round "8"]
[White "Batic, Aleksander"]
[Black "Trtanj, Tina"]
[Result "0-1"]
[WhiteElo "1855"]
[BlackElo "2137"]
[PlyCount "124"]
[EventDate "2005.09.03"]

1.d4 d5 2.c4 c6 3.Nc3 Nf6 4.e3 a6 5.Be2 dxc4 6.Bxc4 b5 7.Bd3 Bb7 8.Nf3 e6 
9.a3 Be7 10.Bd2 c5 11.Be2 O-O 12.dxc5 Bxc5 13.b4 Be7 14.Qc2 Nbd7 15.Rc1 
Rc8 16.O-O Nb6 17.Rfd1 Qc7 18.Qb1 Qb8 19.h3 Nc4 20.Qa2 Rfd8 21.Be1 Nd5 22.
Nd4 Bf6 23.Bxc4 Rxc4 24.Nce2 Nb6 25.Nb3 Rxc1 26.Rxc1 Bd5 27.Nc3 Bc4 28.Qb1
Be7 29.Na5 Rc8 30.Ne4 Bd5 31.Nc3 Ba8 32.f3 Qe5 33.Nd1 Bd6 34.Rxc8+ Nxc8 
35.f4 Qe4 36.Qxe4 Bxe4 37.Bc3 Bc7 38.Nf2 Bc2 39.Nc6 Nb6 40.Be5 Bxe5 41.
Nxe5 Kf8 42.Nc6 Nc4 43.Kf1 Nxe3+ 44.Kg1 Nc4 45.Nb8 a5 46.Nc6 a4 47.Nd4 
Nxa3 48.Kf1 Bb3 49.Ne4 Bc4+ 50.Ke1 Bd5 51.Nc3 Bxg2 52.h4 Ke7 53.Ncxb5 Nxb5
54.Nxb5 Kf6 55.Kf2 Bb7 56.Ke3 Bc6 57.Nd4 Bd7 58.b5 Ke7 59.Kd3 f6 60.b6 Kd8
61.Kc4 Kc8 62.Nc2 Kb7 0-1

[Event "VII Festival A"]
[Site "Trieste ITA"]
[Date "2005.09.09"]
[Round "8"]
[White "Bevilacqua, Andrea"]
[Black "Ramesa, Davor"]
[Result "0-1"]
[WhiteElo "1978"]
[BlackElo "2172"]
[PlyCount "98"]
[EventDate "2005.09.03"]

1.d4 Nf6 2.c4 g6 3.Nc3 Bg7 4.e4 d6 5.f4 O-O 6.e5 Nfd7 7.Nf3 c5 8.exd6 exd6
9.Be2 Nc6 10.d5 Nd4 11.O-O Nxe2+ 12.Qxe2 Re8 13.Qd2 Nf6 14.Re1 Bf5 15.
Rxe8+ Qxe8 16.Qd1 Ne4 17.Bd2 Nxc3 18.Bxc3 Qe3+ 19.Kh1 Bxc3 20.bxc3 Qxc3 
21.Rc1 Qe3 22.Qd2 Qxd2 23.Nxd2 Re8 24.Nb3 b6 25.Kg1 Re2 26.a4 Rb2 27.Rc3 
Bc2 28.Nd2 Bf5 29.g4 Bc2 30.Re3 Kf8 31.Nf3 Rb3 32.Kf2 Rxe3 33.Kxe3 Bxa4 
34.Ng5 h6 35.Ne4 Ke7 36.f5 gxf5 37.gxf5 f6 38.Kd3 Bd7 39.Ng3 a6 40.Kc3 b5 
41.cxb5 axb5 42.h4 Bc8 43.Kd3 Bb7 44.Ke4 b4 45.Nf1 Ba6 46.Nd2 Kd7 47.Ke3 
c4 48.Kd4 c3 49.Nb3 Kc7 0-1

[Event "VII Festival A"]
[Site "Trieste ITA"]
[Date "2005.09.09"]
[Round "8"]
[White "Borgo, Giulio"]
[Black "Varini, Massimo"]
[Result "1-0"]
[WhiteElo "2380"]
[BlackElo "2080"]
[PlyCount "41"]
[EventDate "2005.09.03"]

1.Nf3 Nf6 2.g3 d6 3.d4 Nbd7 4.Nc3 e5 5.Bg2 Be7 6.O-O O-O 7.e4 c6 8.a4 Re8 
9.b3 Qa5 10.Qd2 Bf8 11.Ba3 exd4 12.Nxd4 Qh5 13.Nde2 Ne5 14.f3 g5 15.Nd4 
Bh6 16.g4 Nfxg4 17.fxg4 Bxg4 18.Nce2 Bxe2 19.Qxe2 Ng4 20.h3 Bg7 21.Nf5 1-0

[Event "VII Festival A"]
[Site "Trieste ITA"]
[Date "2005.09.09"]
[Round "8"]
[White "Cedriano, Filippo"]
[Black "Brunello, Roberta"]
[Result "1/2-1/2"]
[WhiteElo "2005"]
[BlackElo "1837"]
[PlyCount "69"]
[EventDate "2005.09.03"]

1.Nf3 d5 2.c4 e6 3.b3 Nf6 4.Bb2 Bd6 5.g3 Nbd7 6.d4 c6 7.Bg2 O-O 8.O-O Re8 
9.Nbd2 e5 10.dxe5 Nxe5 11.Nxe5 Bxe5 12.Bxe5 Rxe5 13.cxd5 Nxd5 14.Nc4 Re8 
15.e4 Nb6 16.Nd6 Re7 17.Qd2 Be6 18.Rad1 Qc7 19.f4 Bg4 20.Bf3 Bh3 21.Rfe1 
Rd7 22.e5 Be6 23.Qc2 Bd5 24.Be4 Bxe4 25.Qxe4 Rad8 26.Qe2 h6 27.Kg2 Nc8 28.
Nxc8 Qxc8 29.e6 Rxd1 30.exf7+ Kxf7 31.Rxd1 Rxd1 32.Qxd1 Qe8 33.Qh5+ Ke7 
34.Qe5+ Kf7 35.Qh5+ 1/2-1/2

[Event "VII Festival A"]
[Site "Trieste ITA"]
[Date "2005.09.09"]
[Round "8"]
[White "Costariol, Elena"]
[Black "Devetak, Robert"]
[Result "1-0"]
[WhiteElo "1605"]
[BlackElo "1539"]
[PlyCount "63"]
[EventDate "2005.09.03"]

1.e4 e5 2.Nf3 Nc6 3.Bb5 Bc5 4.O-O d6 5.h3 a6 6.Ba4 Nf6 7.c3 O-O 8.d4 Ba7 
9.Re1 b5 10.Bc2 h6 11.Be3 Re8 12.Nbd2 Bb7 13.d5 Ne7 14.Nf1 Ng6 15.Ng3 Bxe3
16.Rxe3 Bc8 17.b3 Nd7 18.Rc1 a5 19.Bd3 Rb8 20.b4 a4 21.a3 Nf4 22.Bf1 Ba6 
23.c4 bxc4 24.Bxc4 Bxc4 25.Rxc4 Nb6 26.Rc6 Qd7 27.Rec3 Rb7 28.Qc2 Rc8 29.
Nf5 Rcb8 30.Rxc7 Qb5 31.Rxb7 Rxb7 32.Nxd6 1-0

[Event "VII Festival A"]
[Site "Trieste ITA"]
[Date "2005.09.09"]
[Round "8"]
[White "Cozzarin, Davide"]
[Black "Bosiocic, Marko"]
[Result "1/2-1/2"]
[WhiteElo "1646"]
[BlackElo "2121"]
[PlyCount "135"]
[EventDate "2005.09.03"]

1.c4 e6 2.b3 d5 3.Bb2 Nf6 4.e3 b6 5.Nf3 Bb7 6.Be2 Be7 7.O-O c5 8.d4 O-O 9.
Nbd2 Ne4 10.dxc5 bxc5 11.Nxe4 dxe4 12.Nd2 Bd6 13.Qc2 f5 14.Rfd1 Qe7 15.Nf1
Nc6 16.f4 exf3 17.Bxf3 e5 18.Bd5+ Kh8 19.a3 e4 20.Bxc6 Bxc6 21.Qc3 Rf6 22.
Rd2 Raf8 23.Rad1 Bc7 24.b4 f4 25.b5 Be8 26.a4 f3 27.a5 f2+ 28.Kh1 Bxh2 29.
Rxf2 Rxf2 30.Nxh2 Bh5 31.Rg1 Re2 32.Qe5 Qxe5 33.Bxe5 Rxe3 34.Rb1 Rf7 35.b6
axb6 36.axb6 Rb7 37.Kg1 Bf7 38.Ng4 Ra3 39.Bd6 Bxc4 40.Bxc5 Ra5 41.Bd6 Bd3 
42.Rb2 Rd5 43.Bc7 Kg8 44.Ra2 h5 45.Ra7 Ba6 46.Rxa6 hxg4 47.Ra7 Rxa7 48.
bxa7 Rd1+ 49.Kf2 Ra1 50.Bb6 Kf7 51.Ke3 Ra4 52.Kf4 Ke6 53.Kxg4 Ke5 54.Kg5 
Ra2 55.g4 Ra6 56.Be3 Kd5 57.Kf4 Ra3 58.Kf5 Ra6 59.Kf4 Rf6+ 60.Kg5 Rf8 61.
Kg6 Kc4 62.Kxg7 Ra8 63.g5 Kd3 64.Bg1 e3 65.Bxe3 Kxe3 66.g6 Kf4 67.Kh7 Kf5 
68.g7 1/2-1/2

[Event "VII Festival A"]
[Site "Trieste ITA"]
[Date "2005.09.09"]
[Round "8"]
[White "Drazic, Sinisa"]
[Black "Lalic, Bogdan"]
[Result "1/2-1/2"]
[WhiteElo "2497"]
[BlackElo "2491"]
[PlyCount "58"]
[EventDate "2005.09.03"]

1.e4 c5 2.Nf3 Nc6 3.d4 cxd4 4.Nxd4 Nf6 5.Nc3 d6 6.Bc4 e6 7.Be3 a6 8.Qe2 
Bd7 9.O-O-O Na5 10.Bd3 Rc8 11.f4 Rxc3 12.bxc3 e5 13.Nf3 Qc7 14.Kb2 d5 15.
exd5 Ba3+ 16.Kb1 Nxd5 17.Bd4 Nc6 18.Bxe5 Nxe5 19.Qxe5+ Qxe5 20.Nxe5 Nxc3+ 
21.Ka1 Nxd1 22.Rxd1 Bc8 23.Bc4 f6 24.Nf7 Rf8 25.Nd6+ Bxd6 26.Rxd6 Ke7 27.
Rb6 Rd8 28.Bd3 h6 29.Kb2 Rd6 1/2-1/2

[Event "VII Festival A"]
[Site "Trieste ITA"]
[Date "2005.09.09"]
[Round "8"]
[White "Grudina, Marco"]
[Black "Grobovsek, Ivan"]
[Result "1/2-1/2"]
[WhiteElo "1853"]
[BlackElo "2000"]
[PlyCount "131"]
[EventDate "2005.09.03"]

1.e4 e5 2.Nf3 Nf6 3.Nxe5 d6 4.Nf3 Nxe4 5.d4 d5 6.Bd3 Be7 7.O-O O-O 8.Re1 
Nf6 9.h3 h6 10.Be3 Be6 11.Nc3 Nbd7 12.Qd2 h5 13.Bf4 Bb4 14.Qe2 Re8 15.Ne5 
c5 16.dxc5 Nxc5 17.Bb5 Rf8 18.Bg5 a6 19.Bd3 Nxd3 20.cxd3 Rc8 21.Rac1 g6 
22.Nxg6 Re8 23.Ne5 Be7 24.Bxf6 Bxf6 25.Qxh5 Qb6 26.Qf3 Bxe5 27.Rxe5 Qxb2 
28.Qg3+ Kf8 29.Rb1 Qxc3 30.Rxb7 Rc7 31.Rb6 Rc6 32.Rb7 Qc1+ 33.Kh2 Qh6 34.
Qf3 Re7 35.Rb8+ Re8 36.Rb7 Qg7 37.Qf4 Bc8 38.Rg5 Qf6 39.Qxf6 Rxf6 40.Rb2 
Rd8 41.Rh5 Kg7 42.Re5 d4 43.Rc5 Bf5 44.Rd2 Bc8 45.Rdc2 Be6 46.Rd2 Rg6 47.
Rc6 Bf5 48.Rc5 Bc8 49.Rdc2 Bb7 50.g3 Rdd6 51.Rc7 Rb6 52.Rd7 Rb1 53.g4 Rf6 
54.Kg3 Rf3+ 55.Kh4 Kg6 56.Rc5 Rxd3 57.Rf5 Bg2 58.Rd6+ Kg7 59.Kg5 Bxh3 60.
Rd7 Kg8 61.Rfxf7 Rb5+ 62.Kh4 Bg2 63.Rg7+ Kf8 64.Rgf7+ Ke8 65.Rfe7+ Kf8 66.
Rf7+ 1/2-1/2

[Event "VII Festival A"]
[Site "Trieste ITA"]
[Date "2005.09.09"]
[Round "8"]
[White "Gyorkos, Lajos"]
[Black "Zufic, Miroslav"]
[Result "1/2-1/2"]
[WhiteElo "2424"]
[BlackElo "2391"]
[PlyCount "84"]
[EventDate "2005.09.03"]

1.d4 Nf6 2.c4 g6 3.Nf3 Bg7 4.g3 O-O 5.Bg2 d6 6.O-O Nc6 7.Nc3 a6 8.e4 Bg4 
9.Be3 Nd7 10.Ne2 Na5 11.Rc1 c5 12.b3 Bxf3 13.Bxf3 cxd4 14.Nxd4 Nc6 15.Nxc6
bxc6 16.c5 dxc5 17.Bxc5 Nxc5 18.Rxc5 Qb6 19.Qc2 Rac8 20.e5 e6 21.Rc1 Rfd8 
22.Qc3 Bf8 23.Rxc6 Rxc6 24.Bxc6 Rc8 25.Kg2 Bb4 26.Qf3 Qa5 27.Rc4 Bf8 28.
Rf4 Bh6 29.Rxf7 Qxe5 30.Re7 Rf8 31.Qe4 Rxf2+ 32.Kxf2 Qc5+ 33.Ke2 Qxe7 34.
Bd5 Kf7 35.Bc4 Qd6 36.Kf1 a5 37.Qb7+ Kf6 38.Qf3+ Ke7 39.Qg4 Qe5 40.Qh4+ 
Qf6+ 41.Qxf6+ Kxf6 42.Ke2 Bf8 1/2-1/2